00495 2200181 4500001002100000008004100021035002000062245004900082100001500131110001500146260003200161300003200193084001500225082001100240650003800251990001200289990001200301INLIS000000000000395 ind  a0010-0824000044 aKajian Pengembangan Kapasitas Lembaga Diklat aPKP2AI-Lan aPKP2AI-Lan aJakarta :bPKP2AI-Lanc2007 aviii, 105 halaman ;c21 cm. a658.07 KAJ a658.07 aEducation, Research of Management a0000602 a0000603